000 00453nam a22001811a 4500
001 3990
003 OSt
005 20260204211911.0
008 050531s1991||||spa||||||b||||||||||sp ||
020 _a8423922472
050 _aR 920 F391m
100 _aFernández Santander, Carlos
245 _aMadariaga: Ciudanos del mundo / Carlos Fernández Santander
264 _a: Espasa Calpe
300 _a316 p
650 _a1.BiografíasÌ
942 _2ddc
_cBK
999 _c3990
_d3990